[Event "SK Ochtrup 1-SC Falke Saerbeck 2"]
[Site "?"]
[Date "2023.09.02"]
[Round "1.1"]
[White "Bartsch, Rainer"]
[Black "Jacob, Helmut"]
[Result "1/2-1/2"]
[WhiteElo "1843"]
[BlackElo "2047"]
[PlyCount "102"]
[EventDate "2023.??.??"]
[SourceTitle "Verband Muensterland"]
[SourceDate "2023.10.23"]
[SourceVersion "1"]
[SourceVersionDate "2023.10.23"]
[SourceQuality "1"]
[WhiteTeam "Saerbeck II"]
[BlackTeam "Ochtrup"]
[WhiteTeamCountry "GER"]
[BlackTeamCountry "GER"]

1. Nf3 d5 2. d4 e6 3. e3 c6 4. Bd3 f5 5. Ne5 Nf6 6. Nd2 Bd6 7. b3 O-O 8. Bb2
Bd7 9. O-O Be8 10. c4 Nbd7 11. cxd5 cxd5 12. Rc1 Bh5 13. Be2 Bxe2 14. Qxe2 Qb6
15. Ndf3 Rfc8 16. Qd3 Nf8 17. g3 Ne4 18. Nd2 Nf6 19. Kg2 Qd8 20. f3 Rxc1 21.
Rxc1 Rc8 22. Rxc8 Qxc8 23. Qc3 Qxc3 24. Bxc3 N8d7 25. Nxd7 Nxd7 26. e4 Kf7 27.
h3 Bc7 28. e5 Bb6 29. b4 a6 30. Nb3 Nb8 31. a4 Bd8 32. Kf2 Ke7 33. Ke3 b6 34.
Kd3 Kd7 35. Bd2 Be7 36. Na1 Nc6 37. Nc2 b5 38. axb5 axb5 39. Kc3 Na7 40. Ne3
Nc8 41. Nc2 Nb6 42. Bc1 Nc4 43. Ne1 Bd8 44. Nc2 Bc7 45. f4 Bd8 46. Kd3 Be7 47.
Kc3 g6 48. Kd3 Nb6 49. Kc3 Kc6 50. Kb3 Bd8 51. Kc3 Kd7 1/2-1/2

[Event "SK Ochtrup 1-SC Falke Saerbeck 2"]
[Site "?"]
[Date "2023.09.02"]
[Round "1.3"]
[White "Roos, Wilfried"]
[Black "Moor, Daniel"]
[Result "0-1"]
[WhiteElo "1640"]
[BlackElo "1840"]
[PlyCount "80"]
[EventDate "2023.??.??"]
[SourceTitle "Verband Muensterland"]
[SourceDate "2023.10.23"]
[SourceVersion "1"]
[SourceVersionDate "2023.10.23"]
[SourceQuality "1"]
[WhiteTeam "Saerbeck II"]
[BlackTeam "Ochtrup"]
[WhiteTeamCountry "GER"]
[BlackTeamCountry "GER"]

1. d4 Nf6 2. c4 e5 3. dxe5 Ng4 4. e4 Nxe5 5. Nf3 Nbc6 6. Nxe5 Nxe5 7. Be2 Bc5
8. O-O O-O 9. a3 a5 10. Nc3 Re8 11. Kh1 Ra6 12. Na4 Bf8 13. c5 Rc6 14. b4 axb4
15. axb4 Qh4 16. f4 Rh6 17. h3 Nc6 18. Bf3 Nxb4 19. f5 Ra6 20. Be2 Ra8 21. Rf4
Qd8 22. Rg4 Bxc5 23. Nxc5 Rxa1 24. Rxg7+ Kxg7 25. Bb2+ f6 26. Bxa1 d6 27. Bc4
dxc5 28. Qg4+ Kh8 29. e5 fxe5 30. Qe2 Qf6 31. g4 Nc6 32. Qf2 Nd4 33. Bc3 c6 34.
Bd3 e4 35. Bf1 e3 36. Qb2 b5 37. g5 Qxf5 38. Bxd4+ cxd4 39. Qxd4+ Qe5 40. Qxe5+
Rxe5 0-1

[Event "SK Ochtrup 1-SC Falke Saerbeck 2"]
[Site "?"]
[Date "2023.09.02"]
[Round "1.4"]
[White "Schmerling, Janek"]
[Black "Henschen, Daniel"]
[Result "1-0"]
[WhiteElo "1721"]
[BlackElo "1603"]
[PlyCount "73"]
[EventDate "2023.??.??"]
[SourceTitle "Verband Muensterland"]
[SourceDate "2023.10.23"]
[SourceVersion "1"]
[SourceVersionDate "2023.10.23"]
[SourceQuality "1"]
[WhiteTeam "Ochtrup"]
[BlackTeam "Saerbeck II"]
[WhiteTeamCountry "GER"]
[BlackTeamCountry "GER"]

1. e4 e6 2. Nf3 d5 3. Nc3 Nf6 4. e5 Nfd7 5. d4 a6 6. Bd3 c5 7. Be3 Nc6 8. O-O
cxd4 9. Nxd4 Ndxe5 10. f4 Nxd3 11. Qxd3 Bc5 12. Rf2 Bxd4 13. Bxd4 Nxd4 14. Qxd4
O-O 15. Rd1 Bd7 16. Rd3 Qf6 17. Qb6 Bc6 18. Ne2 Bb5 19. Rd4 Rac8 20. c3 Qf5 21.
a4 Bc6 22. Ng3 Qb1+ 23. Rf1 Qc2 24. f5 e5 25. Rg4 d4 26. Nh5 g6 27. Qc5 f6 28.
Qe7 Rf7 29. Nxf6+ Kg7 30. Nh5+ Kg8 31. Qe6 Rcc7 32. fxg6 hxg6 33. Rxg6+ Kf8 34.
Qd6+ Rce7 35. Rxf7+ Kxf7 36. Rg7+ Kf8 37. Qxe7# 1-0

[Event "SK Ochtrup 1-SC Falke Saerbeck 2"]
[Site "?"]
[Date "2023.09.02"]
[Round "1.5"]
[White "Schmidt, Jan Justus"]
[Black "Holtmannspoetter, Thomas"]
[Result "1-0"]
[WhiteElo "1319"]
[BlackElo "1873"]
[PlyCount "113"]
[EventDate "2023.??.??"]
[SourceTitle "Verband Muensterland"]
[SourceDate "2023.10.23"]
[SourceVersion "1"]
[SourceVersionDate "2023.10.23"]
[SourceQuality "1"]
[WhiteTeam "Saerbeck II"]
[BlackTeam "Ochtrup"]
[WhiteTeamCountry "GER"]
[BlackTeamCountry "GER"]

1. e4 c5 2. Nc3 Nc6 3. f4 e6 4. Nf3 a6 5. d3 d6 6. g3 Nf6 7. Bg2 e5 8. f5 Be7
9. h3 h5 10. Bg5 Bd7 11. Qd2 Qa5 12. Bxf6 Bxf6 13. Nd5 Qxd2+ 14. Nxd2 O-O-O 15.
Nc4 Be8 16. Nxf6 gxf6 17. Nb6+ Kb8 18. c3 Ne7 19. Bf3 Bc6 20. Kf2 Kc7 21. Nc4
b6 22. Ne3 d5 23. exd5 Bxd5 24. Bxd5 Nxd5 25. Rad1 Rhg8 26. Rhg1 Rg5 27. g4 Nf4
28. h4 Rgg8 29. Kf3 hxg4+ 30. Rxg4 Rh8 31. Ke4 Nh3 32. Rd2 Rd7 33. Nd5+ Kc6 34.
Nxf6 Re7 35. Nd5 Ree8 36. Rh2 Nf4 37. Nxf4 exf4+ 38. Kxf4 Rd8 39. Rh3 Rd6 40.
Rg7 f6 41. h5 Rhd8 42. Rgg3 c4 43. d4 Re8 44. h6 Rd7 45. Re3 Rf8 46. Re6+ Kc7
47. h7 Rh8 48. Rxf6 Rdxh7 49. Rxh7+ Rxh7 50. Re6 Rh2 51. f6 Rxb2 52. Kg5 Kd7
53. d5 Rd2 54. f7 Rg2+ 55. Kf6 Rf2+ 56. Kg7 Rg2+ 57. Rg6 1-0

[Event "SK Ochtrup 1-SC Falke Saerbeck 2"]
[Site "?"]
[Date "2023.09.02"]
[Round "1.6"]
[White "Kaiser, Guenter"]
[Black "Menz, Robert"]
[Result "1/2-1/2"]
[WhiteElo "1760"]
[BlackElo "1685"]
[PlyCount "50"]
[EventDate "2023.??.??"]
[SourceTitle "Verband Muensterland"]
[SourceDate "2023.10.23"]
[SourceVersion "1"]
[SourceVersionDate "2023.10.23"]
[SourceQuality "1"]
[WhiteTeam "Ochtrup"]
[BlackTeam "Saerbeck II"]
[WhiteTeamCountry "GER"]
[BlackTeamCountry "GER"]

1. e4 e5 2. Nf3 Nf6 3. Nxe5 d6 4. Nf3 Nxe4 5. d4 d5 6. Bd3 Be7 7. O-O O-O 8.
Nbd2 Nxd2 9. Bxd2 Bg4 10. h3 Bh5 11. c3 Nd7 12. Be2 Bg6 13. Bf4 Re8 14. Re1 Nf6
15. Ne5 Bd6 16. Nxg6 hxg6 17. Bg5 c6 18. Qd3 Qc7 19. Bxf6 gxf6 20. g3 Re7 21.
Bf3 Rae8 22. Rxe7 Rxe7 23. Kf1 Qd7 24. Bg2 Qe8 25. Qd2 Kg7 1/2-1/2

[Event "SC Hiltrup 1-SKK Nordwalde 1"]
[Site "?"]
[Date "2023.09.02"]
[Round "1.2"]
[White "Voigt, Stefan"]
[Black "Lerke, Bernd"]
[Result "1-0"]
[WhiteElo "1934"]
[BlackElo "1905"]
[PlyCount "40"]
[EventDate "2023.??.??"]
[SourceTitle "Verband Muensterland"]
[SourceDate "2023.10.23"]
[SourceVersion "1"]
[SourceVersionDate "2023.10.23"]
[SourceQuality "1"]
[WhiteTeam "Hiltrup"]
[BlackTeam "Nordwalde"]
[WhiteTeamCountry "GER"]
[BlackTeamCountry "GER"]

1. e4 e6 2. d4 c5 3. c3 b6 4. Nf3 Ba6 5. Bxa6 Nxa6 6. O-O Nc7 7. Re1 d6 8. Bf4
Be7 9. Nbd2 g5 10. Bg3 g4 11. Nc4 gxf3 12. Qxf3 Rc8 13. dxc5 bxc5 14. Rad1 d5
15. Ne5 Bf6 16. exd5 Nxd5 17. c4 Bxe5 18. Bxe5 f6 19. Bg3 Kf7 20. cxd5 Ne7 1-0

[Event "SC Hiltrup 1-SKK Nordwalde 1"]
[Site "?"]
[Date "2023.09.02"]
[Round "1.3"]
[White "Hols, Bernhard"]
[Black "Buchholz, Christian"]
[Result "1/2-1/2"]
[WhiteElo "1849"]
[BlackElo "1750"]
[PlyCount "188"]
[EventDate "2023.??.??"]
[SourceTitle "Verband Muensterland"]
[SourceDate "2023.10.23"]
[SourceVersion "1"]
[SourceVersionDate "2023.10.23"]
[SourceQuality "1"]
[WhiteTeam "Nordwalde"]
[BlackTeam "Hiltrup"]
[WhiteTeamCountry "GER"]
[BlackTeamCountry "GER"]

1. d4 Nf6 2. Nf3 e6 3. Bf4 Nc6 4. Nbd2 d5 5. e3 Bd6 6. Ne5 Bxe5 7. dxe5 Nd7 8.
Qg4 Ncxe5 9. Qxg7 Ng6 10. Bd3 Qf6 11. Qxf6 Nxf6 12. Bxc7 Bd7 13. h4 Rc8 14. Bd6
Rc6 15. Bb4 Rg8 16. Bc3 Ng4 17. h5 Nf8 18. e4 f5 19. e5 Rb6 20. Bd4 Rb4 21. Nb3
Bb5 22. Bc5 Rxb3 23. axb3 Bxd3 24. cxd3 Nxe5 25. Ke2 a6 26. g3 Nfd7 27. Be3 Nc6
28. Ra4 Ke7 29. Rg1 Nde5 30. f3 a5 31. d4 Nd7 32. Kf2 Nf6 33. Rh1 b6 34. Raa1
Nb4 35. Bf4 Nc2 36. Rac1 Nxd4 37. Rc7+ Nd7 38. Be3 Nxb3 39. Rd1 Kd6 40. Rc3 a4
41. Kg2 Ndc5 42. Bxc5+ bxc5 43. Kh3 e5 44. g4 f4 45. Kh4 Ke6 46. Re1 d4 47. Rc2
d3 48. Rc3 d2 49. Rd1 Rd8 50. Kh3 Rd4 51. Kg2 c4 52. Kf2 Kd5 53. g5 Kc5 54. Ke2
e4 55. Rxb3 cxb3 56. fxe4 Rxe4+ 57. Kf3 Rd4 58. g6 hxg6 59. hxg6 Kb4 60. g7 Rd8
61. Rxd2 Rxd2 62. g8=Q Rxb2 63. Qf8+ Kc3 64. Qc5+ Kd3 65. Qd5+ Kc2 66. Qc4+ Kd1
67. Qxa4 Kc1 68. Qxf4+ Rd2 69. Qc4+ Kb2 70. Ke3 Rc2 71. Qa4 Rh2 72. Qd4+ Kb1
73. Qd3+ Rc2 74. Qxb3+ Ka1 75. Kd3 Rh2 76. Qc3+ Ka2 77. Qa5+ Kb1 78. Qb5+ Ka2
79. Qa4+ Kb1 80. Qb5+ Ka2 81. Qd5+ Ka1 82. Qf3 Ka2 83. Kc3 Rb2 84. Qd1 Rb8 85.
Qc2+ Ka1 86. Qf5 Ka2 87. Kc2 Rb2+ 88. Kc1 Rb3 89. Qa5+ Ra3 90. Qb4 Rc3+ 91. Kd2
Rb3 92. Qc4 Ka1 93. Kc2 Rb2+ 94. Kc3 Rc2+ 1/2-1/2

[Event "SC Hiltrup 1-SKK Nordwalde 1"]
[Site "?"]
[Date "2023.09.02"]
[Round "1.4"]
[White "Haves, Daniel"]
[Black "Sandmann, Matthias"]
[Result "0-1"]
[WhiteElo "1651"]
[BlackElo "1913"]
[PlyCount "84"]
[EventDate "2023.??.??"]
[SourceTitle "Verband Muensterland"]
[SourceDate "2023.10.23"]
[SourceVersion "1"]
[SourceVersionDate "2023.10.23"]
[SourceQuality "1"]
[WhiteTeam "Hiltrup"]
[BlackTeam "Nordwalde"]
[WhiteTeamCountry "GER"]
[BlackTeamCountry "GER"]

1. e4 e5 2. Nf3 Nc6 3. Bc4 Bc5 4. c3 d6 5. O-O Bb6 6. d4 Bg4 7. h3 Bxf3 8. Qxf3
Qf6 9. Qxf6 Nxf6 10. d5 Ne7 11. Bd3 h6 12. Nd2 Ng6 13. Nc4 Nf4 14. Nxb6 axb6
15. Bb5+ Kd8 16. Re1 g5 17. Bxf4 gxf4 18. a4 Rg8 19. Kh2 Rg7 20. g4 fxg3+ 21.
fxg3 Ke7 22. Re3 Rag8 23. Be2 c6 24. c4 cxd5 25. exd5 Nd7 26. Bg4 Rg5 27. b4 f5
28. Bd1 f4 29. Rf3 Rxg3 30. Ra2 Rxf3 31. Bxf3 Rg3 32. Bg4 Nf6 33. Bc8 Rc3 34.
a5 Nxd5 35. Bxb7 Nxb4 36. a6 Nxa2 37. a7 Ra3 38. a8=Q Rxa8 39. Bxa8 Nc3 40. Kg2
b5 41. cxb5 Nxb5 42. Kf3 Nc3 0-1

[Event "SC Hiltrup 1-SKK Nordwalde 1"]
[Site "?"]
[Date "2023.09.02"]
[Round "1.5"]
[White "Szych, Lothar"]
[Black "May, Peter"]
[Result "1-0"]
[WhiteElo "1562"]
[BlackElo "1590"]
[PlyCount "97"]
[EventDate "2023.??.??"]
[SourceTitle "Verband Muensterland"]
[SourceDate "2023.10.23"]
[SourceVersion "1"]
[SourceVersionDate "2023.10.23"]
[SourceQuality "1"]
[WhiteTeam "Nordwalde"]
[BlackTeam "Hiltrup"]
[WhiteTeamCountry "GER"]
[BlackTeamCountry "GER"]

1. d4 d5 2. c4 Bf5 3. Nc3 e6 4. Bf4 Bd6 5. Bxd6 Qxd6 6. e3 Nf6 7. c5 Qe7 8. b4
c6 9. Bd3 Bg6 10. Nge2 e5 11. Bxg6 hxg6 12. dxe5 Qxe5 13. Qd4 Qc7 14. h3 Nbd7
15. e4 Nxe4 16. Qxg7 O-O-O 17. Nxe4 dxe4 18. Qxf7 Qe5 19. O-O Rdf8 20. Qb3 Qg5
21. Qe3 Qe5 22. Qc3 Qg5 23. Ng3 Rh4 24. Qe3 Qe5 25. Rad1 Nf6 26. Qd4 Qe8 27.
Rfe1 Rf7 28. a3 g5 29. Nf5 Qg8 30. Nxh4 gxh4 31. Qe5 Nd5 32. Rxe4 Qh7 33. Rxh4
Qg6 34. Rg4 Qh7 35. Qe6+ Kb8 36. Qg6 a6 37. Qxh7 Rxh7 38. Re1 Nf6 39. Rg6 Nd5
40. Kh2 Rf7 41. f3 Nc3 42. Re3 Nd5 43. Re5 Kc7 44. h4 Nf4 45. Rd6 b6 46. g3
bxc5 47. bxc5 Nd5 48. Kg2 a5 49. h5 1-0

[Event "SC Hiltrup 1-SKK Nordwalde 1"]
[Site "?"]
[Date "2023.09.02"]
[Round "1.6"]
[White "Schmidt, Juergen"]
[Black "Keller, Hansjuergen"]
[Result "1/2-1/2"]
[WhiteElo "1638"]
[BlackElo "1673"]
[PlyCount "35"]
[EventDate "2023.??.??"]
[SourceTitle "Verband Muensterland"]
[SourceDate "2023.10.23"]
[SourceVersion "1"]
[SourceVersionDate "2023.10.23"]
[SourceQuality "1"]
[WhiteTeam "Hiltrup"]
[BlackTeam "Nordwalde"]
[WhiteTeamCountry "GER"]
[BlackTeamCountry "GER"]

1. e4 c5 2. g3 d6 3. Bg2 Nc6 4. c3 Nf6 5. Ne2 e5 6. O-O Be7 7. d4 O-O 8. d5 Na5
9. b4 cxb4 10. cxb4 Nc4 11. Qb3 b5 12. Na3 Nxa3 13. Qxa3 Bd7 14. Bd2 Qb6 15. h3
Rfc8 16. Rac1 a6 17. Rxc8+ Rxc8 18. Rc1 1/2-1/2

[Event "SC Hiltrup 1-SKK Nordwalde 1"]
[Site "?"]
[Date "2023.09.02"]
[Round "1.7"]
[White "Holstegge, Ludger"]
[Black "Voigt, Hartmut"]
[Result "1-0"]
[WhiteElo "1699"]
[BlackElo "1715"]
[PlyCount "79"]
[EventDate "2023.??.??"]
[SourceTitle "Verband Muensterland"]
[SourceDate "2023.10.23"]
[SourceVersion "1"]
[SourceVersionDate "2023.10.23"]
[SourceQuality "1"]
[WhiteTeam "Nordwalde"]
[BlackTeam "Hiltrup"]
[WhiteTeamCountry "GER"]
[BlackTeamCountry "GER"]

1. c4 Nf6 2. Nc3 b6 3. d4 Bb7 4. f3 e6 5. e4 g6 6. Bd3 Nh5 7. Nge2 Qh4+ 8. g3
Qh3 9. Kf2 e5 10. dxe5 Nc6 11. f4 f6 12. Nd5 O-O-O 13. exf6 Bc5+ 14. Be3 d6 15.
Qd2 Rhf8 16. b4 Bxe3+ 17. Qxe3 Rde8 18. b5 Na5 19. Qf3 Nxf6 20. Nxf6 Rxf6 21.
Nc3 g5 22. f5 c6 23. g4 Qh6 24. Rac1 Qg7 25. Rhe1 Qc7 26. Kg2 Rh6 27. Qg3 Re5
28. Ne2 c5 29. Ng1 Qg7 30. Nf3 Bxe4 31. Rxe4 Rxe4 32. Bxe4 d5 33. cxd5 Qb2+ 34.
Rc2 Qa1 35. Qe5 Qd1 36. Qh8+ Kd7 37. Qg7+ Kd8 38. Qxg5+ Ke8 39. Qxh6 Nc4 40.
Qf4 1-0

[Event "SC Hiltrup 1-SKK Nordwalde 1"]
[Site "?"]
[Date "2023.09.02"]
[Round "1.8"]
[White "Broer, Jannik"]
[Black "Blomqvist, Pontus"]
[Result "1-0"]
[WhiteElo "1102"]
[BlackElo "1388"]
[PlyCount "65"]
[EventDate "2023.??.??"]
[SourceTitle "Verband Muensterland"]
[SourceDate "2023.10.23"]
[SourceVersion "1"]
[SourceVersionDate "2023.10.23"]
[SourceQuality "1"]
[WhiteTeam "Hiltrup"]
[BlackTeam "Nordwalde"]
[WhiteTeamCountry "GER"]
[BlackTeamCountry "GER"]

1. e4 e5 2. Nf3 Nc6 3. c3 Nf6 4. d4 exd4 5. e5 Nd5 6. cxd4 Bb4+ 7. Bd2 d6 8.
Bc4 Be6 9. Qb3 dxe5 10. Bxb4 Ncxb4 11. dxe5 b6 12. O-O O-O 13. Rd1 c6 14. a3 b5
15. Bxb5 cxb5 16. axb4 Nxb4 17. Rxd8 Bxb3 18. Rxf8+ Rxf8 19. Rxa7 Nd3 20. Nbd2
Bd5 21. Rd7 Bxf3 22. Rxd3 Bc6 23. Rd6 Rc8 24. Nb3 g6 25. h3 Kf8 26. Nd4 Be8 27.
b3 Rc5 28. f4 h5 29. Kf2 h4 30. Rf6 Bd7 31. e6 Rd5 32. Rxf7+ Kg8 33. Rxd7 1-0

[Event "SV Heiden 1-SC Heek 1"]
[Site "?"]
[Date "2023.09.02"]
[Round "1.2"]
[White "Wigger, Niklas"]
[Black "Deitmers, Klaus"]
[Result "0-1"]
[WhiteElo "1942"]
[BlackElo "1766"]
[PlyCount "100"]
[EventDate "2023.??.??"]
[SourceTitle "Verband Muensterland"]
[SourceDate "2023.10.23"]
[SourceVersion "1"]
[SourceVersionDate "2023.10.23"]
[SourceQuality "1"]
[WhiteTeam "Heiden"]
[BlackTeam "Heek"]
[WhiteTeamCountry "GER"]
[BlackTeamCountry "GER"]

1. e4 c5 2. Nf3 a6 3. d4 cxd4 4. Nxd4 Nf6 5. Nc3 e5 6. Nb3 Bb4 7. Bd3 d5 8.
exd5 Qxd5 9. O-O Bxc3 10. bxc3 O-O 11. Ba3 Re8 12. Re1 Nc6 13. Nc5 Qd8 14. Ne4
Nxe4 15. Rxe4 f5 16. Re3 e4 17. Bc4+ Be6 18. Bxe6+ Rxe6 19. Qh5 Qf6 20. Rh3 h6
21. Rd1 Rd8 22. Bc5 Re5 23. Bd4 Red5 24. Qe2 Nxd4 25. cxd4 Rxd4 26. Rf1 Qc6 27.
Rb3 Rd2 28. Qh5 R8d5 29. h3 Rxc2 30. Rbb1 b5 31. a4 Rc4 32. axb5 Rxb5 33. Rxb5
Qxb5 34. Rd1 Rc8 35. Qg6 Rf8 36. Qe6+ Kh7 37. Rd7 Qb1+ 38. Kh2 Qa1 39. h4 Qf6
40. Qxf6 Rxf6 41. Ra7 h5 42. g3 Kg6 43. Kg2 Re6 44. Kf1 Kf6 45. Ke2 g6 46. Ra8
Ke5 47. Ke3 Kd5 48. Kf4 Kc5 49. Kg5 Rb6 50. Rg8 a5 0-1

[Event "SV Heiden 1-SC Heek 1"]
[Site "?"]
[Date "2023.09.02"]
[Round "1.3"]
[White "Boeckers, Willi"]
[Black "Berger, Alfred"]
[Result "1/2-1/2"]
[WhiteElo "1595"]
[BlackElo "2037"]
[PlyCount "38"]
[EventDate "2023.??.??"]
[SourceTitle "Verband Muensterland"]
[SourceDate "2023.10.23"]
[SourceVersion "1"]
[SourceVersionDate "2023.10.23"]
[SourceQuality "1"]
[WhiteTeam "Heek"]
[BlackTeam "Heiden"]
[WhiteTeamCountry "GER"]
[BlackTeamCountry "GER"]

1. d4 e6 2. c4 f5 3. Nc3 Nf6 4. Bg5 Be7 5. Nf3 O-O 6. e3 b6 7. Be2 Bb7 8. O-O
d6 9. Qc2 Ne4 10. Bxe7 Qxe7 11. Rad1 Nd7 12. d5 Nxc3 13. bxc3 e5 14. Ne1 f4 15.
exf4 Rxf4 16. g3 Rf6 17. Bd3 g6 18. Ng2 Raf8 19. Rde1 Qg7 1/2-1/2

[Event "SV Heiden 1-SC Heek 1"]
[Site "?"]
[Date "2023.09.02"]
[Round "1.4"]
[White "Niewerth, Gerd"]
[Black "Loesing, Stefan"]
[Result "1/2-1/2"]
[WhiteElo "1806"]
[BlackElo "1588"]
[PlyCount "54"]
[EventDate "2023.??.??"]
[SourceTitle "Verband Muensterland"]
[SourceDate "2023.10.23"]
[SourceVersion "1"]
[SourceVersionDate "2023.10.23"]
[SourceQuality "1"]
[WhiteTeam "Heiden"]
[BlackTeam "Heek"]
[WhiteTeamCountry "GER"]
[BlackTeamCountry "GER"]

1. e4 e5 2. Nf3 Nc6 3. Bb5 Nf6 4. O-O d6 5. Re1 Bd7 6. c3 Be7 7. d3 h6 8. Nbd2
O-O 9. Nf1 a6 10. Ba4 b5 11. Bb3 Na5 12. Bc2 Bg4 13. h3 Bc8 14. g4 Nh7 15. Ng3
Ng5 16. Kh2 Nxf3+ 17. Qxf3 Bg5 18. b4 Nc6 19. Nf5 Kh7 20. Rg1 g6 21. Bxg5 Qxg5
22. Ne3 Be6 23. a4 Kg7 24. a5 Rab8 25. Rad1 Rfd8 26. Nf5+ Bxf5 27. gxf5 Qf4+
1/2-1/2

[Event "SV Heiden 1-SC Heek 1"]
[Site "?"]
[Date "2023.09.02"]
[Round "1.5"]
[White "Buesge, Lennart"]
[Black "Sicking, Norbert"]
[Result "0-1"]
[WhiteElo "1445"]
[BlackElo "1751"]
[PlyCount "62"]
[EventDate "2023.??.??"]
[SourceTitle "Verband Muensterland"]
[SourceDate "2023.10.23"]
[SourceVersion "1"]
[SourceVersionDate "2023.10.23"]
[SourceQuality "1"]
[WhiteTeam "Heek"]
[BlackTeam "Heiden"]
[WhiteTeamCountry "GER"]
[BlackTeamCountry "GER"]

1. e4 c5 2. Nf3 b6 3. d4 cxd4 4. Nxd4 Bb7 5. Nc3 Nc6 6. Be3 g6 7. Qd2 Bg7 8. f3
Nf6 9. h4 h5 10. O-O-O a6 11. Nxc6 Bxc6 12. e5 Ng8 13. e6 fxe6 14. Bd3 Kf7 15.
Ne2 e5 16. c3 e6 17. Qc2 Ne7 18. f4 Nf5 19. Bf2 Bh6 20. Kb1 exf4 21. Bxf5 gxf5
22. Nd4 Be4 23. Rd3 Rg8 24. Qd1 Rg4 25. Ka1 Bxd3 26. Qxd3 Kg6 27. Re1 Kh7 28.
Nxf5 exf5 29. Qxf5+ Rg6 30. Qf7+ Bg7 31. Re7 Qf8 0-1

[Event "SV Heiden 1-SC Heek 1"]
[Site "?"]
[Date "2023.09.02"]
[Round "1.6"]
[White "Meis, Jonas"]
[Black "Luerick, Christoph"]
[Result "1-0"]
[WhiteElo "1183"]
[BlackElo "1577"]
[PlyCount "53"]
[EventDate "2023.??.??"]
[SourceTitle "Verband Muensterland"]
[SourceDate "2023.10.23"]
[SourceVersion "1"]
[SourceVersionDate "2023.10.23"]
[SourceQuality "1"]
[WhiteTeam "Heiden"]
[BlackTeam "Heek"]
[WhiteTeamCountry "GER"]
[BlackTeamCountry "GER"]

1. d4 d5 2. Bf4 Nf6 3. e3 a6 4. c3 Nc6 5. Bd3 e6 6. Nd2 Bd6 7. Ngf3 b5 8. Ne5
Bxe5 9. dxe5 Nd7 10. Nf3 h6 11. b4 Bb7 12. O-O Qe7 13. a3 Nb6 14. Qc2 g5 15.
Bg3 h5 16. h4 g4 17. Ng5 O-O-O 18. e4 Nxe5 19. Bxe5 f6 20. Bxf6 Qxf6 21. exd5
Nxd5 22. Nxe6 Qxh4 23. Nxd8 Rxd8 24. Bf5+ Kb8 25. Rad1 Nf4 26. Rxd8+ Qxd8 27.
Be4 1-0

[Event "SV Heiden 1-SC Heek 1"]
[Site "?"]
[Date "2023.09.02"]
[Round "1.7"]
[White "Schlichtmann, Rudolf"]
[Black "Vestrick, Frank"]
[Result "1/2-1/2"]
[WhiteElo "1535"]
[BlackElo "1827"]
[PlyCount "81"]
[EventDate "2023.??.??"]
[SourceTitle "Verband Muensterland"]
[SourceDate "2023.10.23"]
[SourceVersion "1"]
[SourceVersionDate "2023.10.23"]
[SourceQuality "1"]
[WhiteTeam "Heek"]
[BlackTeam "Heiden"]
[WhiteTeamCountry "GER"]
[BlackTeamCountry "GER"]

1. d4 Nf6 2. Nf3 g6 3. c4 Bg7 4. Nc3 O-O 5. e4 d6 6. Be2 Nc6 7. O-O e5 8. dxe5
Nxe5 9. Nxe5 dxe5 10. Qxd8 Rxd8 11. Bg5 c6 12. Rad1 Be6 13. b3 h6 14. Be3 b6
15. h3 Ne8 16. Rxd8 Rxd8 17. Rd1 Rxd1+ 18. Bxd1 f5 19. Bc2 Kf7 20. g3 Nf6 21.
Kg2 Nh5 22. Bd1 Nf6 23. Bc2 Ke7 24. Ne2 Kd6 25. f3 Nd7 26. g4 f4 27. Bf2 Bf6
28. Nc1 Bf7 29. Nd3 Nf8 30. Bd1 Ne6 31. Kf1 g5 32. Ke1 c5 33. Nc1 Be8 34. Ne2
Bc6 35. Nc3 a6 36. a4 Nd4 37. Kd2 Ba8 38. Kd3 Ne6 39. Nb1 b5 40. axb5 axb5 41.
Be1 1/2-1/2

[Event "SV Heiden 1-SC Heek 1"]
[Site "?"]
[Date "2023.09.02"]
[Round "1.8"]
[White "Herdering, Martin"]
[Black "Klein, Bruno"]
[Result "1/2-1/2"]
[WhiteElo "1755"]
[BlackElo "1503"]
[PlyCount "23"]
[EventDate "2023.??.??"]
[SourceTitle "Verband Muensterland"]
[SourceDate "2023.10.23"]
[SourceVersion "1"]
[SourceVersionDate "2023.10.23"]
[SourceQuality "1"]
[WhiteTeam "Heiden"]
[BlackTeam "Heek"]
[WhiteTeamCountry "GER"]
[BlackTeamCountry "GER"]

1. e4 d6 2. d4 g6 3. Nf3 Bg7 4. Nc3 Bg4 5. Be2 Nd7 6. h3 Bxf3 7. Bxf3 c6 8. Be3
Ngf6 9. Qd2 O-O 10. g4 e5 11. g5 Ne8 12. O-O-O 1/2-1/2

[Event "Indische Dame Münster 1-SV Türme Biller"]
[Site "?"]
[Date "2023.09.02"]
[Round "1.1"]
[White "Sunko, Sviatoslav"]
[Black "Frie, Michael"]
[Result "1-0"]
[WhiteElo "2065"]
[BlackElo "2049"]
[PlyCount "53"]
[EventDate "2023.??.??"]
[SourceTitle "Verband Muensterland"]
[SourceDate "2023.10.23"]
[SourceVersion "1"]
[SourceVersionDate "2023.10.23"]
[SourceQuality "1"]
[WhiteTeam "Billerbeck"]
[BlackTeam "Muenster Indische Dame"]
[WhiteTeamCountry "GER"]
[BlackTeamCountry "GER"]

1. Nf3 Nf6 2. b3 g6 3. Bb2 Bg7 4. e4 d6 5. Be2 O-O 6. d3 e5 7. Nbd2 Nbd7 8. b4
Nh5 9. g3 Nb6 10. c4 a5 11. b5 Nd7 12. Nh4 Nhf6 13. Ng2 Nc5 14. Qc2 c6 15. a4
Qe7 16. O-O Ne6 17. Nb3 cxb5 18. cxb5 Nd7 19. Ne3 b6 20. Nd5 Qd8 21. f4 Bb7 22.
Ne3 Qc8 23. f5 Nd4 24. Qd1 Nxb3 25. Qxb3 Nc5 26. Qd1 f6 27. h4 1-0

[Event "Indische Dame Münster 1-SV Türme Biller"]
[Site "?"]
[Date "2023.09.02"]
[Round "1.2"]
[White "Diersen, Joerg"]
[Black "Floeter, Volker"]
[Result "1-0"]
[WhiteElo "1803"]
[BlackElo "1726"]
[PlyCount "93"]
[EventDate "2023.??.??"]
[SourceTitle "Verband Muensterland"]
[SourceDate "2023.10.23"]
[SourceVersion "1"]
[SourceVersionDate "2023.10.23"]
[SourceQuality "1"]
[WhiteTeam "Muenster Indische Dame"]
[BlackTeam "Billerbeck"]
[WhiteTeamCountry "GER"]
[BlackTeamCountry "GER"]

1. e4 Nc6 2. Nf3 e5 3. Bc4 Nf6 4. d3 Bc5 5. c3 d6 6. a4 a5 7. h3 h6 8. O-O Bb6
9. Re1 O-O 10. Nbd2 Ne7 11. Nf1 Be6 12. Bb3 Qd7 13. Ng3 Kh7 14. Be3 Bxb3 15.
Qxb3 Bxe3 16. fxe3 Rab8 17. Qc2 b5 18. axb5 Rxb5 19. c4 Rb4 20. Rxa5 Rfb8 21.
Ra2 Qc6 22. Re2 Nd7 23. Nd2 d5 24. exd5 Nxd5 25. d4+ Kg8 26. Qf5 Ne7 27. Qc2
Ng6 28. Rf2 Nf6 29. b3 exd4 30. exd4 Qd6 31. Qc3 Qe6 32. Ra1 Ne7 33. Re2 Qd7
34. Rae1 Nc6 35. d5 Na5 36. Re7 Qd6 37. Nf5 Qc5+ 38. Qd4 Qxd4+ 39. Nxd4 Kh7 40.
Rxc7 Kg6 41. Nc6 Nxc6 42. Rxc6 R4b7 43. d6 Ra7 44. c5 Ra2 45. Rd1 Kf5 46. Rc7
Rxb3 47. Nxb3 1-0